Jump Up Super Star! Lyrics (From Super Mario Odyssey) - Statistics

General Stats
  • This quiz has been taken 354 times
    269 since last reset
  • The average score is 31 of 44
Answer Stats
Lyrics % Correct
It's time to {jump} up in the air!
92%
Jump now don't be {scared},
91%
Oh, we could zoom all the way to the {moon},
91%
Here we go, off the {rails},
89%
I'll be your 1-Up {girl}!
89%
Don't you know it's time to {raise} our sails?
88%
You could say my {hat} is off to you!
87%
Say the word I'll be there in a {flash}!
86%
Jump with me grab {coins} with me oh yeah!
85%
Jump with me grab {coins} with me oh yeah!
85%
Now you've got panache, ohhhhh let's do the {Odyssey}!
85%
{Odyssey}, ya see (x7) {Odyssey}, {Odyssey}!
85%
Oh, let's do the {Odyssey}!
85%
So let's all jump up super high! High up in the {sky},
85%
Soooo! Let's do the {Odyssey}!
85%
Don't fear don't shed a {tear} 'cause,
81%
It's {freedom} like you never knew!
81%
Come on and jump up in the {air},
80%
Jump on it; you're the {superstar},
79%
No one else can take me this {far}!
79%
You know that you're my {superstar}
79%
Spin the {wheel}, take a chance.
78%
From this great wide {wacky} {world}!
77%
Jump without a care, jump up 'cuz you'll know that I'll be {there}!
73%
You know that any captain needs a {crew}!
73%
I'm flipping the {switch}, get ready for this!
70%
Jump up and your cares will {soar} away!
70%
They're just different {points} of view!
68%
Now listen all you boys and {girls}, all around the world.
66%
Every {journey} starts a new romance.
63%
A new world is {calling} out to you!
59%
Find a new addition to the {cast},
58%
There's no power-up like {dancing}!
58%
You know that we're all super stars, we're the {ones} who've made it this far.
58%
So go on straighten your cap, let your toes begin to {tap}!
56%
And if the dark {clouds} start to swirl,
53%
Put a smile on that face, there's no time to {waste},
51%
And if you find you're short on {joy}, don't forget that you're still our 1-Up Boy!
48%
Take a turn off the {path},
45%
Don't need {bags} or a pass,
44%
No one else can make it this far! Put a comb through that {stache},
39%
Take it in stride as you move from {side} to {side},
29%
This {rhythm} is a power 'shroom!
29%
Don't be afraid to get up and {move}!
26%
No matching quizzes found
Score Distribution
Percent of People with Each Score
Percentile by Number Answered
Your Score History
You have not taken this quiz since the last reset